Missing Word: Initialisms from A to Z Quiz Stats

Quiz Updated Nov 22, 2016

Challenge
Share
Tweet
Embed
Score 0/26 Timer 03:00
0 Plays Today
Hint Missing Word % Correct
____ Bureau of InvestigationFederal
97.4%
Major ____ BaseballLeague
97.2%
Date of ____Birth
96.9%
World ____ WebWide
95.5%
Royal ____ ForceAir
95.4%
____ Intelligence AgencyCentral
94.7%
Kansas State ____University
93.8%
____ States ShipUnited
92.7%
____ Compulsive DisorderObsessive
90.5%
British ____ CorporationBroadcasting
90.1%
____ Hits OneVideo
77.2%
Self ____ Underwater Breathing ApparatusContained
73.1%
Young Men's ____ AssociationChristian
72%
Hint Missing Word % Correct
____ Blue RibbonPabst
71.9%
Equal ____ OpportunityEmployment
69.7%
____ Crystal DisplayLiquid
67.7%
Xtreme ____ ChampionshipFighting
67.3%
International Business ____Machines
64%
____ Balance TransferZero
62.9%
____ Text Markup LanguageHyper
62%
National ____ and Space AdministrationAeronautics
61.3%
To Be ____Honest
38.1%
Graphics ____ FormatInterchange
25.4%
Available Bit ____Rate
20.4%
____ Photographics Experts GroupJoint
18.9%
Quoted For ____Emphasis
6.6%

Today's Daily Dose

Missing Word
For Dummies Books

Word Ladder
Ariana Grande

Quick Pick
1970s Authors

On This Day
June 21st II

You're not logged in!

Compare scores with friends on all Sporcle quizzes.
Join for Free
OR
Log In

You Might Also Like...

Show Comments

Extras

Top Quizzes Today


Score Distribution

Your Account Isn't Verified!

In order to create a playlist on Sporcle, you need to verify the email address you used during registration. Go to your Sporcle Settings to finish the process.

Report this User

Report this user for behavior that violates our Community Guidelines.

Details: